000
00284nam a22001337a 4500
008
170303b xxu||||| |||| 00| 0 eng d
020
_a
684139707
041
_a
eng
080
_a
515.073
100
_a
6
101
_a
SHM
245
_a
THEPHAROHS RAYING
_c
HARRIS.J.E
942
_2
udc
_c
BK
999
_c
6655
_d
6655